000 00474cam a22001457a 4500
999 _c508511
_d508511
008 180718b xxu||||| |||| 00| 0 eng d
082 _aT19x5411 As72/1988-89
100 _aAssam. Directorate of Economics & Statistics
_93884
245 _aEconomic survey, Assam, 1988-89
_cby Directorate of Economics & Statistics, Assam
260 _aGauhati
_bGovernment of Assam
_c1990
300 _a93+p.
500 _aLibrary has 1982/83, 1983/84
650 _aSurvey
_93885
942 _2ddc